| 000 | 01060nam a22003377a 4500 | ||
|---|---|---|---|
| 003 | OSt | ||
| 005 | 20260331120625.0 | ||
| 007 | ta | ||
| 008 | 260331s2025 ag ||||| |||| 00| 0 spa d | ||
| 020 | _a9789507582387 | ||
| 040 | _ccj catamarca | ||
| 082 | _a347.615 P438 | ||
| 100 | 1 | 0 |
_9302 _aPerez, Erica |
| 245 | 1 | 0 |
_aCuantificacion de la cuota alimentaria: _bParametros. Aportes y herramientas |
| 250 | _a1º ed. | ||
| 260 |
_aCABA: _bJuridicas, _c2025 |
||
| 300 |
_a450 p. _c23 cm |
||
| 500 | _aINVENTARIO Nº 8132 | ||
| 650 | 7 | _2SAIJ | |
| 653 | _aALIMENTOS-CCYC | ||
| 653 | _aALIMENTOS-VIOLENCIA ECONOMICA | ||
| 653 | _aALIMENTOS-INCUMPLIMIENTO-MEDIDAS | ||
| 653 | _aMEDIDAS CONMINATORIAS-INCUMPLIMIENTO | ||
| 653 | _aCUOTA ALIMENTARIA-QUANTUM | ||
| 653 | _aCUOTA ALIMENTARIA-CUANTIFICACION | ||
| 653 | _aCUOTA ALIMENTARIA-PERSPECTIVA DE GENERO | ||
| 653 | _aCUOTA ALIMENTARIA-NIÑEZ | ||
| 653 | _aMODELOS DE ESCRITOS | ||
| 856 | _uhttps://drive.google.com/file/d/1oDvYDrdS7BC8ddwGdKT0vSWGYXpV0k6P/view?usp=sharing | ||
| 942 |
_2ddc _cBK _n0 |
||
| 999 |
_c6513 _d6513 |
||